LIBRARY ONLINE CATALOGUE

Public sector accounting (Record no. 18993)

MARC details
000 -LEADER
fixed length control field 00330nam a22001217a 4500
008 - FIXED-LENGTH DATA ELEMENTS--GENERAL INFORMATION
fixed length control field 210625b xxu||||| |||| 00| 0 eng d
020 ## - INTERNATIONAL STANDARD BOOK NUMBER
International Standard Book Number 1973339212
050 ## - LIBRARY OF CONGRESS CALL NUMBER
Classification number HJ9925
Item number .P74 c.1
100 ## - MAIN ENTRY--PERSONAL NAME
Personal name Premium, Nhyira
245 ## - TITLE STATEMENT
Title Public sector accounting
Remainder of title accounting and finance
Statement of responsibility, etc. Nhyira Premium
300 ## - PHYSICAL DESCRIPTION
Extent 242p.
942 ## - ADDED ENTRY ELEMENTS (KOHA)
Source of classification or shelving scheme Library of Congress Classification
Koha item type General Collection
Holdings
Withdrawn status Lost status Source of classification or shelving scheme Not for loan Home library Current library Date acquired Cost, normal purchase price Total Checkouts Full call number Barcode Date last seen Price effective from Koha item type Date last checked out
    Library of Congress Classification   Kabarak, Main Campus Kabarak, Main Campus 25/06/2021 2428.00   HJ9925 .P74 c.1 029762 25/06/2021 25/06/2021 General Collection  
    Library of Congress Classification   Kabarak, Main Campus Kabarak, Main Campus 25/06/2021 2428.00 1 HJ9925 .P74 c.2 029763 03/02/2022 25/06/2021 General Collection 18/01/2022
    Library of Congress Classification   Kabarak, Nakuru City Campus Kabarak, Nakuru City Campus 25/06/2021 2428.00   HJ9925 .P74 c.1 029764 25/06/2021 25/06/2021 General Collection